[Event "Sparkassen-Open A"]
[Site "Heusenstamm, Martinsee"]
[Date "2015.11.28"]
[Round "5.81"]
[White "Kornilov, Alexander"]
[Black "Traut, Stefan"]
[Result "0-1"]
[WhiteElo "1653"]
[BlackElo "1687"]
[PlyCount "102"]
[EventDate "2015.??.??"]
[WhiteTeam "SC Butzbach"]
[BlackTeam "SF Heusenstamm"]

1. d4 Nf6 2. Nf3 c5 3. Bf4 cxd4 4. Nxd4 g6 5. Nc3 Bg7 6. e4 d6 7. Bg5 O-O 8.
Bc4 Bd7 9. O-O Nc6 10. Nxc6 Bxc6 11. Bxf6 Bxf6 12. Rb1 Rc8 13. Bb3 a6 14. f3
Bg7 15. Qd2 b5 16. Rfd1 Bb7 17. Ne2 Qb6+ 18. Kh1 Rc5 19. Rdc1 Rfc8 20. Nf4 a5
21. a3 a4 22. Ba2 Bh6 23. g3 e5 24. Nd5 Bxd5 25. Qxh6 Bxa2 26. Ra1 Be6 27. Qe3
Qc6 28. c3 Rc4 29. Rd1 Rd8 30. Rd2 Qc5 31. Qg5 Qc7 32. Rad1 Kg7 33. h4 h6 34.
Qe3 Rc6 35. g4 Qb6 36. Qe2 Bc4 37. Qg2 Qe3 38. h5 g5 39. Kh2 Qf4+ 40. Kh3 Rd7
41. Qf2 Bb3 42. Re1 Rc5 43. Kg2 Rc6 44. Kh3 d5 45. Kg2 Rcd6 46. Qe2 Bc4 47. Qf2
d4 48. Red1 Bb3 49. Re1 dxc3 50. Rxd6 Rxd6 51. bxc3 Bc4 0-1

[Event "Sparkassen-Open A"]
[Site "Heusenstamm, Martinsee"]
[Date "2015.11.28"]
[Round "5.82"]
[White "Lessmann, Sven"]
[Black "Saluvar, Bülent"]
[Result "0-1"]
[WhiteElo "1593"]
[BlackElo "1799"]
[PlyCount "70"]
[EventDate "2015.??.??"]
[WhiteTeam "SC Bad Soden"]
[BlackTeam "SC Münster"]

1. d4 Nf6 2. Nf3 e6 3. c4 Bb4+ 4. Nc3 O-O 5. Qc2 b6 6. e4 d5 7. cxd5 exd5 8. e5
Ne4 9. Bd3 Bb7 10. O-O Bxc3 11. bxc3 h6 12. Be3 Qe7 13. Qc1 Qe6 14. h3 c5 15.
dxc5 Nxc5 16. Bc2 Nbd7 17. Bf4 f5 18. Nd4 Qg6 19. f3 Ne6 20. Nxe6 Qxe6 21. Re1
Nc5 22. Be3 Nd7 23. f4 Rfc8 24. Qd2 Nf8 25. Bb3 Rd8 26. Rad1 Kh8 27. a4 Qc6 28.
Qd3 d4 29. Re2 dxe3 30. Qxd8 Rxd8 31. Rxd8 Qc5 32. e6 Kh7 33. Bc2 Nxe6 34. g3
Nxd8 35. g4 Be4 0-1

[Event "Sparkassen-Open A"]
[Site "Heusenstamm, Martinsee"]
[Date "2015.11.28"]
[Round "5.83"]
[White "Gelfenbaum, Daniel"]
[Black "Miller, Justin"]
[Result "0-1"]
[WhiteElo "1771"]
[BlackElo "1736"]
[PlyCount "98"]
[EventDate "2015.??.??"]
[WhiteTeam "TuS Makkabi"]
[BlackTeam "Sfr. Kelkheim"]

1. e4 c5 2. Nf3 Nc6 3. d4 cxd4 4. Nxd4 Nf6 5. Nc3 e5 6. Ndb5 d6 7. Bg5 a6 8.
Na3 b5 9. Nd5 Be7 10. Bxf6 Bxf6 11. c4 b4 12. Nc2 a5 13. Be2 O-O 14. O-O Bg5
15. Bg4 Be6 16. b3 Rb8 17. Qf3 Qc8 18. h3 Qa6 19. Nc7 Qc8 20. Nxe6 fxe6 21. Qd3
Qd7 22. Rad1 Rbd8 23. c5 Rf4 24. g3 Rxg4 25. hxg4 d5 26. exd5 exd5 27. Qf5 Qxf5
28. gxf5 Bf6 29. f3 d4 30. Ne1 h6 31. Nd3 Kf7 32. Rfe1 Re8 33. Re2 g6 34. fxg6+
Kxg6 35. Rde1 Kf5 36. g4+ Kg5 37. Re4 Rg8 38. Kf1 h5 39. f4+ exf4 40. Rxf4 hxg4
41. Re6 Be5 42. Nxe5 Nxe5 43. Rxd4 Rf8+ 44. Kg2 Nf3 45. Rd5+ Kf4 46. c6 Rh8 47.
c7 Rh2+ 48. Kf1 Kg3 49. c8=Q Rf2# 0-1

[Event "Sparkassen-Open A"]
[Site "Heusenstamm, Martinsee"]
[Date "2015.11.29"]
[Round "6.1"]
[White "Zubarev, Alexander"]
[Black "Sadzikowski, Daniel"]
[Result "0-1"]
[WhiteElo "2540"]
[BlackElo "2510"]
[PlyCount "48"]
[EventDate "2015.??.??"]
[WhiteTeam "SC Siegburg"]
[BlackTeam "SC Heusenstamm"]

1. Nf3 d5 2. d4 Nf6 3. c4 c6 4. Nc3 e6 5. e3 Nbd7 6. Qc2 Bd6 7. g4 h6 8. Rg1
dxc4 9. Bxc4 b5 10. Be2 Bb7 11. Bd2 Rc8 12. g5 hxg5 13. Nxg5 Bxh2 14. Rg2 Qe7
15. Bf3 Nd5 16. O-O-O b4 17. Nce4 c5 18. Rh1 cxd4 19. Qxc8+ Bxc8 20. Rgxh2 Rxh2
21. Rxh2 Nf8 22. Rh8 dxe3 23. fxe3 Qc7+ 24. Kd1 Ke7 0-1

[Event "Sparkassen-Open A"]
[Site "Heusenstamm, Martinsee"]
[Date "2015.11.29"]
[Round "6.2"]
[White "Kveinys, Aloyzas"]
[Black "Landa, Konstantin"]
[Result "1/2-1/2"]
[WhiteElo "2485"]
[BlackElo "2625"]
[PlyCount "21"]
[EventDate "2015.??.??"]
[WhiteTeam "Vilnius"]
[BlackTeam "SV Mülheim-Nord"]

1. d4 d5 2. c4 e6 3. Nc3 Nf6 4. cxd5 exd5 5. Bg5 c6 6. e3 Bf5 7. Qf3 Bg6 8.
Bxf6 Qxf6 9. Qxf6 gxf6 10. Kd2 Nd7 11. Bd3 1/2-1/2

[Event "Sparkassen-Open A"]
[Site "Heusenstamm, Martinsee"]
[Date "2015.11.29"]
[Round "6.3"]
[White "Thinius, Marco"]
[Black "Sumets, Andrey"]
[Result "1/2-1/2"]
[WhiteElo "2328"]
[BlackElo "2583"]
[PlyCount "68"]
[EventDate "2015.??.??"]
[WhiteTeam "SV Empor Berlin"]
[BlackTeam "SF Lilienthal"]

1. Nf3 d5 2. c4 c6 3. e3 Nf6 4. Nc3 a6 5. Qc2 g6 6. d4 Bg7 7. Bd3 O-O 8. O-O
Bg4 9. Ne5 Be6 10. c5 Nfd7 11. Nxd7 Nxd7 12. Bd2 Re8 13. b4 Nf8 14. Rab1 Bc8
15. Ne2 e5 16. dxe5 Bxe5 17. Bc3 Bg4 18. Bxe5 Bxe2 19. Bxe2 Rxe5 20. Rfd1 Qe7
21. Bf1 Nd7 22. Rd4 Nf6 23. g3 Ne4 24. Bg2 Re8 25. Bxe4 Rxe4 26. Rbd1 Qf6 27.
Kg2 g5 28. R1d2 g4 29. Qd1 h5 30. Rxe4 Rxe4 31. Rd4 Qe5 32. Qd3 Kg7 33. Kf1 Kf6
34. Ke2 Rxd4 1/2-1/2

[Event "Sparkassen-Open A"]
[Site "Heusenstamm, Martinsee"]
[Date "2015.11.29"]
[Round "6.4"]
[White "Borovikov, Vladislav"]
[Black "van Foreest, Lucas"]
[Result "1/2-1/2"]
[WhiteElo "2564"]
[BlackElo "2299"]
[PlyCount "55"]
[EventDate "2015.??.??"]
[WhiteTeam "SC Siegburg"]
[BlackTeam "SK Turm Emsdetten"]

1. d4 Nf6 2. Nf3 c6 3. c4 d5 4. Nc3 e6 5. e3 Nbd7 6. Qc2 Bd6 7. Be2 dxc4 8.
Bxc4 b5 9. Bd3 Bb7 10. O-O a6 11. Rd1 Qc7 12. b3 O-O 13. Bb2 c5 14. Ne4 Nxe4
15. Bxe4 Bxe4 16. Qxe4 Nf6 17. Qc2 cxd4 18. Qxc7 Bxc7 19. Rac1 Rfc8 20. Nxd4
Ne8 21. Nc6 Bd6 22. Rxd6 Nxd6 23. Ba3 Kf8 24. Bxd6+ Ke8 25. Ba3 Rc7 26. Bd6
Rcc8 27. Ba3 Rc7 28. Nd4 1/2-1/2

[Event "Sparkassen-Open A"]
[Site "Heusenstamm, Martinsee"]
[Date "2015.11.29"]
[Round "6.5"]
[White "Schmitzer, Klaus"]
[Black "Milov, Leonid"]
[Result "1-0"]
[WhiteElo "2285"]
[BlackElo "2471"]
[PlyCount "113"]
[EventDate "2015.??.??"]
[WhiteTeam "Bad Vilbeler Sfr"]
[BlackTeam "SC Noris-Tarrasch Nürnberg"]

1. e4 c5 2. Nf3 e6 3. d4 cxd4 4. Nxd4 Nc6 5. Nc3 Qc7 6. Be3 a6 7. Qd2 Nf6 8. f3
Be7 9. O-O-O b5 10. g4 Nxd4 11. Bxd4 Bb7 12. Kb1 O-O 13. g5 Nh5 14. Bd3 e5 15.
Be3 Bc5 16. Ne2 g6 17. Rhf1 Qb6 18. Bxc5 Qxc5 19. f4 exf4 20. Nxf4 Nxf4 21.
Qxf4 Rae8 22. h4 Qe5 23. Qg4 Bxe4 24. Qxd7 Bxd3 25. Qxd3 Qe4 26. Qg3 Rc8 27.
Qf2 Rc7 28. Rd4 Qe6 29. Qf4 Rc4 30. b3 Rxd4 31. Qxd4 Re8 32. Rf6 Qe1+ 33. Kb2
a5 34. Ra6 Rc8 35. Rd6 Qe7 36. Rd7 Qe1 37. a3 b4 38. a4 Re8 39. Rd5 Ra8 40. Re5
Qg3 41. Rc5 Qb8 42. Qd5 Qa7 43. Qe5 Qb6 44. Rb5 Qa7 45. Qc5 Qa6 46. Qb6 Qc8 47.
Rc5 Qh3 48. Qc6 Rd8 49. Qc7 Ra8 50. Qf4 Qd7 51. Qc4 Qe7 52. Ka2 Qd7 53. Qd5 Qa7
54. Kb2 Kg7 55. Qd4+ Kf8 56. Rc8+ Ke7 57. Qd8+ 1-0

[Event "Sparkassen-Open A"]
[Site "Heusenstamm, Martinsee"]
[Date "2015.11.29"]
[Round "6.6"]
[White "Wieczorek, Oskar"]
[Black "Budzyn, Matthias"]
[Result "1-0"]
[WhiteElo "2428"]
[BlackElo "2164"]
[PlyCount "93"]
[EventDate "2015.??.??"]
[WhiteTeam "SC Heusenstamm"]
[BlackTeam "SG Turm Kiel"]

1. c4 g6 2. g3 Nf6 3. Bg2 c5 4. Nc3 Bg7 5. e4 d6 6. Nge2 Nc6 7. O-O O-O 8. d3
Bd7 9. h3 Nd4 10. f4 e5 11. f5 gxf5 12. Bg5 Ne6 13. Bh4 Nc7 14. exf5 Bc6 15. g4
Bxg2 16. Kxg2 h6 17. Ng3 d5 18. Nh5 Qd6 19. Nxg7 Kxg7 20. Bxf6+ Qxf6 21. cxd5
Rad8 22. Ne4 Qh4 23. d6 Nd5 24. f6+ Kh8 25. Qd2 Rg8 26. Rf3 Rg6 27. Qf2 Qxf2+
28. Kxf2 b6 29. Rf5 Nf4 30. Ke3 Ng2+ 31. Ke2 Nf4+ 32. Ke3 Nxh3 33. Rh1 Nf4 34.
Rxe5 Ne6 35. Reh5 Kg8 36. Rxh6 Rxh6 37. Rxh6 Rd7 38. g5 Rd8 39. Kf3 c4 40. dxc4
Nc5 41. Ng3 Ne6 42. Nf5 Nxg5+ 43. Kf4 Nh7 44. Ne7+ Kh8 45. Ke5 a6 46. Kd5 b5
47. c5 1-0

[Event "Sparkassen-Open A"]
[Site "Heusenstamm, Martinsee"]
[Date "2015.11.29"]
[Round "6.7"]
[White "Zeller, Frank"]
[Black "Hahn, Florian"]
[Result "1-0"]
[WhiteElo "2392"]
[BlackElo "2149"]
[PlyCount "131"]
[EventDate "2015.??.??"]
[WhiteTeam "SK Schwäbisch Hall"]
[BlackTeam "SC Herborn"]

1. e4 c5 2. Nf3 e6 3. d4 cxd4 4. Nxd4 Nc6 5. Nc3 Qc7 6. Be3 a6 7. Be2 Nf6 8.
O-O Be7 9. f4 d6 10. Qe1 Nxd4 11. Bxd4 O-O 12. Rd1 b5 13. e5 dxe5 14. fxe5 Nd7
15. Ne4 Bb7 16. Nf6+ Nxf6 17. exf6 Bxf6 18. Rxf6 gxf6 19. Qh4 e5 20. Rd3 exd4
21. Rg3+ Qxg3 22. hxg3 Rfd8 23. Bd3 Kg7 24. Qxh7+ Kf8 25. g4 Ke7 26. Qf5 Bd5
27. g5 fxg5 28. Qxg5+ Ke8 29. Qe5+ Be6 30. a4 bxa4 31. Bxa6 Kf8 32. Qc5+ Kg8
33. Qg5+ Kf8 34. Bd3 Rab8 35. Qa5 Ra8 36. Qb4+ Kg8 37. Be4 Rab8 38. Qa5 Kg7 39.
Kf2 Kf6 40. Kf3 Kg7 41. g4 f6 42. g5 Bf7 43. gxf6+ Kxf6 44. Kf4 Kg7 45. Kg5 Re8
46. Bf5 Rxb2 47. Qa6 Kf8 48. Qh6+ Ke7 49. Qf6+ Kf8 50. Qd6+ Re7 51. Qh6+ Kg8
52. Bh7+ Kh8 53. Be4+ Kg8 54. Bh7+ Kh8 55. Bd3+ Kg8 56. Qh7+ Kf8 57. Qh8+ Bg8
58. Qf6+ Bf7 59. Bc4 Reb7 60. Qd6+ Kg8 61. Qd8+ Kg7 62. Qxd4+ Kg8 63. Qd8+ Kg7
64. Qf6+ Kg8 65. Bxf7+ Rxf7 66. Qxb2 1-0

[Event "Sparkassen-Open A"]
[Site "Heusenstamm, Martinsee"]
[Date "2015.11.29"]
[Round "6.8"]
[White "Mager, Denis"]
[Black "Barski, Radoslaw"]
[Result "1/2-1/2"]
[WhiteElo "2232"]
[BlackElo "2336"]
[PlyCount "64"]
[EventDate "2015.??.??"]
[WhiteTeam "TuS Makkabi"]
[BlackTeam "SC Heusenstamm"]

1. c4 Nf6 2. Nc3 g6 3. d4 Bg7 4. e4 d6 5. Be2 O-O 6. Nf3 e5 7. O-O exd4 8. Nxd4
Re8 9. f3 c6 10. Be3 d5 11. cxd5 cxd5 12. Qb3 dxe4 13. Bc4 Qe7 14. fxe4 Nc6 15.
Rxf6 Bxf6 16. Nd5 Bxd4 17. Nxe7+ Rxe7 18. Bxd4 Nxd4 19. Qc3 Nc6 20. Bd5 Bd7 21.
Rd1 Rae8 22. b4 Bg4 23. Rf1 Ne5 24. h3 Bd7 25. Qa3 a6 26. Qb3 Kg7 27. Rc1 Be6
28. b5 axb5 29. Qxb5 Bxd5 30. exd5 Rd8 31. Rd1 Rd6 32. a4 Red7 1/2-1/2

[Event "Sparkassen-Open A"]
[Site "Heusenstamm, Martinsee"]
[Date "2015.11.29"]
[Round "6.9"]
[White "Henrich, Thomas"]
[Black "Solonar, Stefan"]
[Result "1-0"]
[WhiteElo "2192"]
[BlackElo "2341"]
[PlyCount "91"]
[EventDate "2015.??.??"]
[WhiteTeam "SK Marburg"]
[BlackTeam "SC Heusenstamm"]

1. e4 d5 2. exd5 Qxd5 3. Nc3 Qd6 4. d4 c6 5. Nf3 Nf6 6. Be2 Bg4 7. h3 Bh5 8.
Be3 Nbd7 9. Qd2 e6 10. Bf4 Qb4 11. a3 Qb6 12. O-O Be7 13. Na4 Qd8 14. c4 O-O
15. Rfd1 Qc8 16. Qe3 Re8 17. Rac1 c5 18. dxc5 Nxc5 19. Nc3 Nb3 20. Rb1 Bc5 21.
Qe5 a6 22. Na4 Ba7 23. Qc3 Nc5 24. Nxc5 Bxc5 25. Qe5 Bg6 26. Bd3 Bxd3 27. Rxd3
Ba7 28. Rc1 Qc6 29. b4 Rad8 30. Rxd8 Rxd8 31. Qe2 Qa4 32. Ra1 Qb3 33. Bg5 Bb8
34. c5 h6 35. Bxf6 gxf6 36. g3 Rd3 37. Kg2 Qd5 38. Rc1 Kg7 39. c6 bxc6 40. Rc5
Qd7 41. Ra5 Rc3 42. Rxa6 Qd5 43. Ra5 Qd6 44. Qe4 Qd1 45. Qg4+ Kh7 46. Ng5+ 1-0

[Event "Sparkassen-Open A"]
[Site "Heusenstamm, Martinsee"]
[Date "2015.11.29"]
[Round "6.10"]
[White "Feller, Sebastien"]
[Black "Köllner, Christof"]
[Result "1-0"]
[WhiteElo "2622"]
[BlackElo "2118"]
[PlyCount "109"]
[EventDate "2015.??.??"]
[WhiteTeam "Thionville"]
[BlackTeam "SV Bergneustadt/Derschlag"]

1. d4 d6 2. Nf3 Nf6 3. g3 Nbd7 4. Bg2 c6 5. O-O e5 6. c4 Be7 7. Nc3 O-O 8. e4
a6 9. a4 a5 10. h3 Re8 11. Be3 Qc7 12. Qc2 Bf8 13. Rad1 b6 14. d5 c5 15. Nh2
Qd8 16. f4 Be7 17. Qf2 Rf8 18. Nf3 Ne8 19. g4 h6 20. Qg3 exf4 21. Bxf4 g5 22.
Bd2 Bf6 23. b3 Ne5 24. Nh2 Ng6 25. Nf3 Ne5 26. Ne1 Nc7 27. Nc2 Ng6 28. Rf2 Be5
29. Qd3 Na6 30. Ne2 Ra7 31. Ng3 Nb4 32. Nxb4 axb4 33. Nh5 Qe7 34. Rdf1 Bd4 35.
Be3 Bxe3 36. Qxe3 Qe5 37. Rf6 Kh7 38. Qg3 Nf4 39. R1xf4 gxf4 40. Qxf4 Qxf4 41.
Nxf4 Re7 42. Rxd6 Rb7 43. Nh5 Rb8 44. e5 f5 45. e6 Ba6 46. Rd7+ Kh8 47. e7 Rfe8
48. Nf6 Kg7 49. Nxe8+ Rxe8 50. d6 Bxc4 51. bxc4 b3 52. gxf5 b2 53. Be4 Kf6 54.
Rd8 Ke5 55. Bc2 1-0

[Event "Sparkassen-Open A"]
[Site "Heusenstamm, Martinsee"]
[Date "2015.11.29"]
[Round "6.11"]
[White "Rosenberger, Frank"]
[Black "van Foreest, Jorden"]
[Result "0-1"]
[WhiteElo "2070"]
[BlackElo "2546"]
[PlyCount "88"]
[EventDate "2015.??.??"]
[WhiteTeam "SK Gernsheim"]
[BlackTeam "SK Turm Emsdetten"]

1. e4 c5 2. Nf3 d6 3. d4 cxd4 4. Nxd4 Nf6 5. Nc3 Nc6 6. Bg5 e6 7. Qd2 Be7 8.
O-O-O O-O 9. f4 h6 10. Bh4 Bd7 11. Nb3 Nxe4 12. Bxe7 Nxd2 13. Bxd8 Nxb3+ 14.
axb3 Rfxd8 15. Rxd6 Nb4 16. Be2 Bc6 17. Rxd8+ Rxd8 18. Rg1 g5 19. fxg5 hxg5 20.
g3 Kg7 21. Bb5 Na2+ 22. Nxa2 Bxb5 23. Rd1 Rh8 24. Rd2 f5 25. c4 Bc6 26. b4 Kf6
27. b5 Bh1 28. c5 f4 29. Nb4 Rc8 30. Rc2 e5 31. Kd2 e4 32. gxf4 gxf4 33. Ke2
Bf3+ 34. Kf2 Bg4 35. c6 e3+ 36. Kf1 Rd8 37. cxb7 f3 38. Rc1 Rd1+ 39. Rxd1 e2+
40. Ke1 f2+ 41. Kxf2 exd1=Q 42. b8=Q Qf3+ 43. Kg1 Qe3+ 44. Kg2 Bh3+ 0-1

[Event "Sparkassen-Open A"]
[Site "Heusenstamm, Martinsee"]
[Date "2015.11.29"]
[Round "6.12"]
[White "Weil, Volker"]
[Black "Schwarz, Dusan"]
[Result "0-1"]
[WhiteElo "2065"]
[BlackElo "2315"]
[PlyCount "182"]
[EventDate "2015.??.??"]
[WhiteTeam "SC Steinbach"]
[BlackTeam "Sk Doprastav Bratislava"]

1. d4 d5 2. c4 c6 3. cxd5 cxd5 4. Nc3 Nf6 5. Bf4 Nc6 6. e3 a6 7. Bd3 Bg4 8. f3
Bh5 9. Nge2 e6 10. O-O Be7 11. Rc1 O-O 12. Bg3 Bg6 13. Nf4 Nd7 14. Qe2 Rc8 15.
Rfd1 Nb6 16. Nxg6 hxg6 17. Bf2 Bf6 18. g3 Qd7 19. f4 Rc7 20. h4 Rfc8 21. Kg2
Nb4 22. Bb1 Na4 23. Be1 b5 24. a3 Nxc3 25. Rxc3 Rxc3 26. Bxc3 Nc6 27. Rh1 Kf8
28. h5 gxh5 29. Rxh5 Ke7 30. g4 g6 31. Rh7 Rg8 32. g5 Bg7 33. Bd3 Kf8 34. Kg3
Rh8 35. Rxh8+ Bxh8 36. Qd2 Qd6 37. Kf3 Bg7 38. Ke2 Ke8 39. Qc1 Kd7 40. Qh1 Qf8
41. Qh3 Qh8 42. Qxh8 Bxh8 43. Be1 Kc7 44. Kd1 Bg7 45. Kc2 Bf8 46. b4 Nb8 47.
Kb3 Nd7 48. a4 Kc6 49. axb5+ axb5 50. Kc3 Nb6 51. Bf2 Bd6 52. Bb1 Bc7 53. Bd3
Nc8 54. Kb3 Nd6 55. Kc3 Bd8 56. Kb3 Bc7 57. Kc3 Nc4 58. Bc2 Bd6 59. Bd3 Kd7 60.
Bc2 Ke8 61. Bd3 Kf8 62. Bc2 Kg7 63. Bd3 f6 64. gxf6+ Kxf6 65. Bh4+ Kf7 66. Bf2
Bc7 67. Bc2 Kf6 68. Bh4+ Kg7 69. Bf2 Kh6 70. Bd1 Nd6 71. Kd3 Bd8 72. Bg4 Nf5
73. e4 dxe4+ 74. Kxe4 Be7 75. Be1 Bf6 76. Bxf5 gxf5+ 77. Ke3 Kh5 78. Bd2 Kg4
79. Bc3 Bg7 80. Be1 Bh6 81. d5 e5 82. d6 Bxf4+ 83. Ke2 e4 84. d7 Bc7 85. Bc3
Bd8 86. Ke3 Bg5+ 87. Kf2 f4 88. Be5 f3 89. Bc7 Bh4+ 90. Ke3 Bg5+ 91. Kf2 e3+
0-1

[Event "Sparkassen-Open A"]
[Site "Heusenstamm, Martinsee"]
[Date "2015.11.29"]
[Round "6.13"]
[White "Keller, Peter"]
[Black "Poghosyan, Tigran"]
[Result "1-0"]
[WhiteElo "2304"]
[BlackElo "2120"]
[PlyCount "97"]
[EventDate "2015.??.??"]
[WhiteTeam "Frankfurter TV"]
[BlackTeam "Lübecker SV"]

1. e4 c5 2. Nf3 d6 3. Bb5+ Nd7 4. d4 cxd4 5. Qxd4 a6 6. Bxd7+ Bxd7 7. c4 e5 8.
Qd3 h6 9. Nc3 Nf6 10. O-O Rc8 11. Rd1 Be7 12. Ne1 Be6 13. b3 Qc7 14. a4 O-O 15.
Nc2 Qa5 16. Rb1 Rfd8 17. Bd2 Qc7 18. Ne3 Bf8 19. Rdc1 Qb8 20. Ncd5 Nxd5 21.
cxd5 Bd7 22. Nc4 b5 23. axb5 Bxb5 24. Be3 Rd7 25. Qd2 Rb7 26. Na5 Rbc7 27. Qb4
Rxc1+ 28. Rxc1 Rxc1+ 29. Bxc1 Qc7 30. Nc4 Bxc4 31. bxc4 Qc5 32. Qxc5 dxc5 33.
Bd2 Bd6 34. Ba5 Kf8 35. Kf1 Ke7 36. Ke2 Kd7 37. Kf3 h5 38. g4 g6 39. gxh5 gxh5
40. Bc3 Bc7 41. Kg3 a5 42. Kh4 a4 43. Kxh5 a3 44. Kg4 a2 45. h4 Ba5 46. Bxe5
Be1 47. Kf3 Bd2 48. Ba1 Kd6 49. e5+ 1-0

[Event "Sparkassen-Open A"]
[Site "Heusenstamm, Martinsee"]
[Date "2015.11.29"]
[Round "6.14"]
[White "Pawelzik, Malte"]
[Black "Künstler, Christian"]
[Result "0-1"]
[WhiteElo "2056"]
[BlackElo "2223"]
[PlyCount "82"]
[EventDate "2015.??.??"]
[WhiteTeam "SC Garching"]
[BlackTeam "SF Neuberg"]

1. e4 c5 2. Nf3 Nc6 3. d4 cxd4 4. Nxd4 g6 5. Nc3 Bg7 6. Be3 Nf6 7. Bc4 O-O 8.
Bb3 a5 9. O-O a4 10. Nxa4 Nxe4 11. Nb5 Ra6 12. c4 d6 13. Qe2 Nf6 14. Rad1 b6
15. Nd4 Ne5 16. Bf4 Nfd7 17. Nc3 Bb7 18. Nd5 e6 19. Nb4 Ra8 20. Nb5 Qf6 21. Bg3
Rad8 22. Nxd6 Ba8 23. Ne4 Qe7 24. Nd3 Nxd3 25. Rxd3 Bxe4 26. Rxd7 Qxd7 27. Qxe4
Bxb2 28. Bh4 Qd4 29. Qxd4 Rxd4 30. Bf6 Rd2 31. Bxb2 Rxb2 32. Rd1 Kg7 33. Kf1
Kf6 34. Rd6 Rb8 35. Rd7 g5 36. h3 h5 37. g3 Rb1+ 38. Kg2 h4 39. gxh4 gxh4 40.
Rd4 Rh8 41. Rd6 Rg8+ 0-1

[Event "Sparkassen-Open A"]
[Site "Heusenstamm, Martinsee"]
[Date "2015.11.29"]
[Round "6.15"]
[White "Eichner, Christian"]
[Black "Meyner, Hannes"]
[Result "0-1"]
[WhiteElo "2051"]
[BlackElo "2202"]
[PlyCount "71"]
[EventDate "2015.??.??"]
[WhiteTeam "SV TuR Dresden"]
[BlackTeam "Kasseler SK"]

1. e4 c5 2. Nf3 e6 3. c3 Nf6 4. e5 Nd5 5. Bc4 d6 6. d4 cxd4 7. Bxd5 exd5 8.
Qxd4 Nc6 9. Qxd5 dxe5 10. Qxd8+ Kxd8 11. Be3 f6 12. Nbd2 Kc7 13. b4 Be6 14. O-O
Be7 15. Rfb1 Rac8 16. Nb3 Kb8 17. Bc5 b6 18. Be3 Nd8 19. Rc1 Nf7 20. Nfd2 Rhd8
21. c4 Bxb4 22. c5 Bxd2 23. Nxd2 bxc5 24. Rab1+ Ka8 25. Ne4 Bf5 26. f3 c4 27.
Rb4 Bxe4 28. fxe4 Nd6 29. Ra4 Rd7 30. Rd1 Rc6 31. Kf1 Rb7 32. Bc5 Rxc5 33. Rxd6
Rc8 34. Rd2 c3 35. Rc2 Rb2 36. Rc1 0-1

[Event "Sparkassen-Open A"]
[Site "Heusenstamm, Martinsee"]
[Date "2015.11.29"]
[Round "6.16"]
[White "Kolker, Vladislav"]
[Black "Hecht, Carsten"]
[Result "1/2-1/2"]
[WhiteElo "2029"]
[BlackElo "2159"]
[PlyCount "67"]
[EventDate "2015.??.??"]
[WhiteTeam "SC Bad Nauheim"]
[BlackTeam "LSV Turm Lippstadt"]

1. e4 c5 2. Nf3 e6 3. c4 Nc6 4. Nc3 Nf6 5. Be2 Be7 6. a3 O-O 7. d4 cxd4 8. Nxd4
Qc7 9. Be3 a6 10. O-O d6 11. Qd2 Ne5 12. Rac1 b6 13. f3 Bb7 14. Rfd1 Rac8 15.
b4 Rfe8 16. Na4 Ned7 17. Nb3 Bc6 18. Nc3 Qb8 19. b5 axb5 20. cxb5 Ba8 21. a4 d5
22. exd5 exd5 23. Bd4 Bd6 24. g3 Re6 25. Bf1 Rce8 26. Bh3 R6e7 27. Qf2 Be5 28.
Re1 Qd6 29. Red1 Bxd4 30. Nxd4 g6 31. Bg2 Nc5 32. Bf1 Bb7 33. Qd2 Qe5 34. Kf2
1/2-1/2

[Event "Sparkassen-Open A"]
[Site "Heusenstamm, Martinsee"]
[Date "2015.11.29"]
[Round "6.17"]
[White "Enneper, Eckhard"]
[Black "Hilzinger, Markus"]
[Result "0-1"]
[WhiteElo "2155"]
[BlackElo "2100"]
[PlyCount "94"]
[EventDate "2015.??.??"]
[WhiteTeam "VSG Offenbach"]
[BlackTeam "SC Pforzheim"]

1. d4 Nf6 2. Bg5 e6 3. e4 h6 4. Bxf6 Qxf6 5. Nc3 c5 6. d5 d6 7. Bb5+ Nd7 8. a4
a6 9. Be2 Be7 10. Nf3 b6 11. Nd2 Ne5 12. O-O g5 13. Nc4 Nxc4 14. Bxc4 O-O 15.
Ra3 e5 16. Rb3 Bd8 17. Be2 Qg6 18. Bg4 Bxg4 19. Qxg4 f5 20. exf5 Rxf5 21. Qe4
h5 22. f3 Qf6 23. Qe2 Ra7 24. Ne4 Qg6 25. Nd2 Rf4 26. Nc4 Raf7 27. g3 R4f6 28.
Nxb6 Bxb6 29. Rxb6 e4 30. Rb3 Rxf3 31. Rbxf3 Rxf3 32. Rxf3 exf3 33. Qxf3 Qxc2
34. Qxh5 Qb1+ 35. Kg2 Qxb2+ 36. Kg1 Qd4+ 37. Kf1 Qxd5 38. Qg6+ Kf8 39. Kg1 c4
40. a5 Qd1+ 41. Kg2 Qd2+ 42. Kg1 c3 43. Qf5+ Ke7 44. Qe4+ Kf6 45. g4 Qf4 46.
Qe2 Qc1+ 47. Kf2 Qb2 0-1

[Event "Sparkassen-Open A"]
[Site "Heusenstamm, Martinsee"]
[Date "2015.11.29"]
[Round "6.18"]
[White "Feldmann, Johannes"]
[Black "Kagan, Dennis"]
[Result "1/2-1/2"]
[WhiteElo "2145"]
[BlackElo "2009"]
[PlyCount "136"]
[EventDate "2015.??.??"]
[WhiteTeam "SK Ludwigshafen"]
[BlackTeam "SG Porz"]

1. d4 Nf6 2. c4 e6 3. Nc3 Bb4 4. e3 O-O 5. Bd3 d5 6. a3 Bxc3+ 7. bxc3 c5 8.
cxd5 exd5 9. Ne2 Nc6 10. f3 Re8 11. O-O b6 12. Ra2 Re7 13. Ng3 Be6 14. Raf2 Ne8
15. Bb2 Nd6 16. Qc2 g6 17. e4 dxe4 18. fxe4 Nc4 19. d5 Ne3 20. Qc1 Nxf1 21.
Bxf1 Ne5 22. dxe6 Rxe6 23. c4 Qh4 24. Be2 Rd8 25. Qe3 Qe7 26. Rf1 f6 27. Rc1
Kg7 28. h3 Red6 29. Nf1 Re8 30. Qf2 Nf7 31. Bf3 Ng5 32. e5 Nxf3+ 33. Qxf3 fxe5
34. Re1 Re6 35. Ne3 Qh4 36. Rf1 Qe7 37. Nd5 Qb7 38. Nf6 Rb8 39. Qg3 Qe7 40. Nd5
Qd6 41. Qf4 Rf8 42. Qxf8+ Qxf8 43. Rxf8 Kxf8 44. Kf2 b5 45. Nc7 Rf6+ 46. Ke2
bxc4 47. Bxe5 Rb6 48. Kd2 Kf7 49. a4 Rb3 50. a5 Ke7 51. Bc3 Kd7 52. Nd5 Kc6 53.
Nf6 Ra3 54. Kc2 Ra2+ 55. Bb2 Kb5 56. Nxh7 Kb4 57. Nf6 c3 58. Nd5+ Kc4 59. Nxc3
Rxa5 60. Ne4 Ra6 61. h4 Re6 62. Nd2+ Kd5 63. Kd3 a5 64. Nc4 Ra6 65. g4 a4 66.
Bc1 Ke6 67. h5 gxh5 68. gxh5 Kf5 1/2-1/2

[Event "Sparkassen-Open A"]
[Site "Heusenstamm, Martinsee"]
[Date "2015.11.29"]
[Round "6.19"]
[White "Henrich, David"]
[Black "Neukirchner, Pascal"]
[Result "0-1"]
[WhiteElo "2140"]
[BlackElo "1910"]
[PlyCount "100"]
[EventDate "2015.??.??"]
[WhiteTeam "SK Niederbrechen"]
[BlackTeam "SK Gründau"]

1. Nf3 Nf6 2. c4 e6 3. g3 d5 4. Bg2 dxc4 5. Qa4+ Nbd7 6. O-O a6 7. Qxc4 b5 8.
Qc2 Bb7 9. d3 c5 10. Bf4 Be7 11. a4 O-O 12. Nc3 Qb6 13. b3 Nd5 14. Bd2 Bf6 15.
Rab1 Rac8 16. Ne4 Be7 17. Nc3 Bf6 18. Ne4 Be7 19. axb5 axb5 20. Nc3 h6 21. Nxd5
Bxd5 22. e4 Bb7 23. Be3 Qd6 24. Rfd1 Rfd8 25. Qe2 Qb8 26. Ne1 e5 27. Bh3 Rc6
28. b4 cxb4 29. Nc2 b3 30. Rxb3 Qc7 31. Nb4 Rc3 32. Rxc3 Qxc3 33. Bd2 Qb2 34.
Qe1 Qd4 35. Bf1 Nf6 36. Nc2 Qd7 37. Ne3 Bc5 38. Rc1 Bb6 39. Ba5 Bxa5 40. Qxa5
Rc8 41. Rxc8+ Bxc8 42. Qc3 Qe6 43. Nd5 Nxd5 44. exd5 b4 45. Qc4 Qg4 46. d4 Bf5
47. Qxb4 Qf3 48. Bc4 Be4 49. Kf1 Qd1+ 50. Qe1 Bg2+ 0-1

[Event "Sparkassen-Open A"]
[Site "Heusenstamm, Martinsee"]
[Date "2015.11.29"]
[Round "6.20"]
[White "Spiegel, Stefan"]
[Black "Budde, Michael"]
[Result "1-0"]
[WhiteElo "2137"]
[BlackElo "1903"]
[PlyCount "91"]
[EventDate "2015.??.??"]
[WhiteTeam "SC Viernheim"]
[BlackTeam "SC Flörsheim"]

1. e4 Nf6 2. e5 Nd5 3. d4 d6 4. Nf3 dxe5 5. Nxe5 c6 6. Be2 Nd7 7. Nf3 N7f6 8.
O-O Bg4 9. Re1 Bxf3 10. Bxf3 e6 11. Nd2 Bd6 12. Nf1 h6 13. c4 Ne7 14. Bd2 O-O
15. Bc3 a5 16. Qa4 Qd7 17. Qc2 Ng6 18. g3 Rfe8 19. Rad1 h5 20. d5 cxd5 21. Bxf6
gxf6 22. cxd5 Rac8 23. Qb1 e5 24. Bxh5 Kg7 25. Ne3 Bb4 26. Re2 Qd8 27. Nf5+ Kh7
28. d6 Qd7 29. Ne7 Rxe7 30. dxe7 Qxe7 31. Bxg6+ fxg6 32. Qe4 Qc7 33. h4 Re8 34.
h5 f5 35. hxg6+ Kxg6 36. Rc2 Qh7 37. Qd5 Rh8 38. a3 Qh2+ 39. Kf1 Qh3+ 40. Ke2
Qg4+ 41. Qf3 Qxf3+ 42. Kxf3 Be7 43. Rd7 e4+ 44. Kg2 Kf6 45. Rxb7 Re8 46. Rc6+
1-0